Speech Sounds and Definitions Quiz Stats

 Plays Quiz not verified by Sporcle

Score 0/24 Timer 20:00
0 Plays Today
% Correct
central vowel
80%
onglide
80%
front vowel
80%
glottal stop
73.3%
bunched [r]
73.3%
nasal
73.3%
stop
73.3%
lateral liquid
66.7%
glide
66.7%
sibilant
66.7%
offglide
66.7%
affricate
66.7%
% Correct
back vowel
66.7%
monopthong
66.7%
syllabic consonant
60%
fricative
60%
sonorant
60%
retroflex liquid
53.3%
liquid
53.3%
obstruent
53.3%
oral sound
53.3%
vowel
46.7%
dipthong
46.7%
approximant
26.7%

You're not logged in!

Compare scores with friends on all Sporcle quizzes.
OR
Log In

Sporcle TV

Today on Sporcle TV


Watch our educational content, quiz creation guides, and fun videos on Sporcle TV.

Show Comments

Extras

Top Quizzes Today


Score Distribution

Your Account Isn't Verified!

In order to create a playlist on Sporcle, you need to verify the email address you used during registration. Go to your Sporcle Settings to finish the process.

Report this User

Report this user for behavior that violates our Community Guidelines.

Details: